书目信息 |
| 题名: |
海战与兵器的故事
|
|
| 作者: | 李敏 主编 | |
| 分册: | ||
| 出版信息: | 大连 大连出版社 2008.04 |
|
| 页数: | 187页, [2] 页图版 | |
| 开本: | 23cm | |
| 丛书名: | 兵器与科学系列读物 | |
| 单 册: | ||
| 中图分类: | E19-49 | |
| 科图分类: | ||
| 主题词: | 海军--hai jun--战争史--世界--通俗读物 , 海战--hai zhan--战争史--世界--通俗读物 | |
| 电子资源: | ||
| ISBN: | 978-7-80684-641-4 | |
| 000 | 01038nam 2200289 450 | |
| 001 | 012008385062 | |
| 005 | 20080624142947.71 | |
| 010 | @a978-7-80684-641-4@dCNY19.80 | |
| 100 | @a20080623d2008 em y0chiy0120 ea | |
| 101 | 0 | @achi |
| 102 | @aCN@b210000 | |
| 105 | @aacf z 000yy | |
| 106 | @ar | |
| 200 | 1 | @a海战与兵器的故事@Ahai zhan yu bing qi de gu shi@f李敏主编@Fli min zhu bian |
| 210 | @a大连@c大连出版社@d2008.04 | |
| 215 | @a187页, [2] 页图版@c图, 肖像@d23cm | |
| 225 | 2 | @a兵器与科学系列读物@Abing qi yu ke xue xi lie du wu@v之二 |
| 300 | @a军事迷经典读物 | |
| 330 | @a本书主要分为六个部分,内容包括:海战与传奇;海战与经典;海战与计谋;海战与失误;形形色色的海战以及海战背后的故事。 | |
| 410 | 0 | @12001 @a兵器与科学系列读物 |
| 510 | 1 | @aStories of naval battle and weapons@zeng |
| 606 | 0 | @a海军@Ahai jun@x战争史@y世界@j通俗读物 |
| 606 | 0 | @a海战@Ahai zhan@x战争史@y世界@j通俗读物 |
| 690 | @aE19-49@v4 | |
| 701 | 0 | @a李敏@Ali min@4主编 |
| 801 | 0 | @aCN@bQSSK@c20080624 |
| 905 | @b728829-31@dE19-49@eL215@f3 | |
| 海战与兵器的故事/李敏主编.-大连:大连出版社,2008.04 |
| 187页, [2] 页图版:图, 肖像;23cm.-(兵器与科学系列读物;之二) |
| 军事迷经典读物 |
| ISBN 978-7-80684-641-4:CNY19.80 |
| 本书主要分为六个部分,内容包括:海战与传奇;海战与经典;海战与计谋;海战与失误;形形色色的海战以及海战背后的故事。 |
| ● |
| 相关链接 |
|
|
|
正题名:海战与兵器的故事
索取号:E19-49/L215
 
预约/预借
| 序号 | 登录号 | 条形码 | 馆藏地/架位号 | 状态 | 备注 |
| 1 | 728829 | 207288291 | 社科库509/509社科库 115排1列1层/ [索取号:E19-49/L215] | 在馆 | |
| 2 | 728830 | 207288308 | 社科库509/509社科库 115排1列1层/ [索取号:E19-49/L215] | 在馆 | |
| 3 | 728831 | 207288317 | 社科库509/509社科库 115排1列1层/ [索取号:E19-49/L215] | 在馆 |